000
00334 a2200157 4500
001
192565
020
_a
978-0-521-75261-9
040
_c
Magnum
100
_a
Rose, Jane
240
1
0
_a
Not yet, Nathan!
_l
por
245
1
0
_a
Not yet, Nathan!
300
_a
15
362
0
_a
1996
697
_a
LITERATURA INFANTIL INGLESA
942
_c
BK
999
_c
192565
_d
192565